[Event "Campeonato de Aragon por Equipos 2025 -"]
[Site "?"]
[Date "2025.02.08"]
[Round "3.13"]
[White "Hinojar Basa, Alfonso"]
[Black "Del Rey, Diego"]
[Result "0-1"]
[WhiteElo "2197"]
[BlackElo "2275"]
[PlyCount "84"]
[GameId "2147807430122590"]
[EventDate "2025.01.25"]
[WhiteTeam "Marcos Frechin A"]
[BlackTeam "El Olivar"]

1. e4 e5 2. Nf3 Nc6 3. Bc4 Bc5 4. O-O Nf6 5. d3 d6 6. c3 a5 7. Re1 O-O 8. h3 h6 9. Nbd2 Be6 10. Bb5 Qb8 11. Bxc6 bxc6 12. d4 exd4 13. cxd4 Bb6 14. a4 d5 15. e5 Nd7 16. Nb3 c5 17. Be3 cxd4 18. Nfxd4 c5 19. Nxe6 fxe6 20. Qg4 Rf5 21. f4 c4 22. Nd4 Bxd4 23. Bxd4 Qf8 24. Qg6 Qe7 25. Rf1 Raf8 26. Be3 Rb8 27. Rf2 Rb3 28. Re1 Rd3 29. Rd2 Rxd2 30. Bxd2 Nc5 31. g4 Rf7 32. f5 Qh4 33. Re3 Nd3 34. Rxd3 cxd3 35. Kg2 exf5 36. e6 Re7 37. gxf5 Qe4+ 38. Kg3 Qe5+ 39. Kf3 Qe2+ 40. Kg3 Qxd2 41. f6 Qe3+ 42. Kg2 Qxe6 0-1

[Event "Campeonato de Aragon por Equipos 2025 -"]
[Site "?"]
[Date "2025.02.08"]
[Round "3.14"]
[White "Munoz Perez, Ivan"]
[Black "Atares Buisan, Sergio"]
[Result "0-1"]
[WhiteElo "2231"]
[BlackElo "2107"]
[PlyCount "46"]
[GameId "2147807430171743"]
[EventDate "2025.01.25"]
[WhiteTeam "El Olivar"]
[BlackTeam "Marcos Frechin A"]

1. e4 c5 2. Nc3 Nc6 3. g3 g6 4. Bg2 Bg7 5. d3 e6 6. Be3 d6 7. Qd2 Rb8 8. Nf3 Nge7 9. d4 b6 10. O-O O-O 11. Bh6 Nxd4 12. Bxg7 Nxf3+ 13. Bxf3 Kxg7 14. Rfd1 Nc6 15. Qxd6 Qxd6 16. Rxd6 Nd4 17. Bd1 Kf6 18. f4 Ke7 19. e5 f6 20. Ne4 fxe5 21. fxe5 Bb7 22. Ng5 Rf5 23. c3 Rbf8 0-1

[Event "Campeonato de Aragon por Equipos 2025 -"]
[Site "?"]
[Date "2025.02.08"]
[Round "3.15"]
[White "Perez Tomas, Juan Manuel"]
[Black "Miranda Herrera, Miguel"]
[Result "0-1"]
[WhiteElo "1959"]
[BlackElo "2160"]
[PlyCount "68"]
[GameId "2147807430212704"]
[EventDate "2025.01.25"]
[WhiteTeam "Marcos Frechin A"]
[BlackTeam "El Olivar"]

1. e4 c5 2. Nf3 Nc6 3. Nc3 d6 4. g3 g6 5. d4 cxd4 6. Nxd4 Bg7 7. Be3 Nf6 8. Bg2 Ng4 9. O-O Nxe3 10. fxe3 O-O 11. Nxc6 bxc6 12. Qd2 Rb8 13. Rab1 Qa5 14. b4 Qa3 15. Rb3 Qa6 16. Rfb1 Be6 17. Bf1 Qb7 18. Ra3 c5 19. b5 h5 20. Nd5 Bxd5 21. exd5 Qd7 22. c4 h4 23. Qg2 hxg3 24. Qh3 gxh2+ 25. Kxh2 f5 26. e4 Kf7 27. exf5 Rh8 28. fxg6+ Kxg6 29. Rg3+ Kf7 30. Rbb3 Rxh3+ 31. Bxh3 Rh8 32. Rbf3+ Bf6 33. Kg2 Rxh3 34. Rxh3 Qg4+ 0-1

[Event "Campeonato de Aragon por Equipos 2025 -"]
[Site "?"]
[Date "2025.02.08"]
[Round "3.16"]
[White "Munoz Valles, Jorge"]
[Black "Moya Gimeno, Raul"]
[Result "0-1"]
[WhiteElo "2077"]
[BlackElo "1958"]
[PlyCount "78"]
[GameId "2147807430253665"]
[EventDate "2025.01.25"]
[WhiteTeam "El Olivar"]
[BlackTeam "Marcos Frechin A"]

1. d4 Nf6 2. c4 g6 3. Nc3 Bg7 4. e4 d6 5. Nf3 O-O 6. Be2 e5 7. O-O Nc6 8. d5 Ne7 9. Ne1 Nd7 10. Be3 f5 11. f3 f4 12. Bf2 g5 13. Rc1 Ng6 14. Nd3 Rf7 15. c5 Nf6 16. cxd6 cxd6 17. a4 h5 18. b4 g4 19. a5 Bh6 20. Nb5 g3 21. Bxa7 Ne8 22. Kh1 Bd7 23. Bg1 Nh4 24. Ne1 Rg7 25. Bb6 Qg5 26. Nc7 Nxg2 27. Nxg2 h4 28. Ne6 Bxe6 29. dxe6 h3 30. Ne1 g2+ 31. Kg1 gxf1=Q+ 32. Kxf1 Qe7 33. Bb5 Kh8 34. Bd7 Bg5 35. Nd3 Bh4 36. Bf2 Qg5 37. Bxh4 Qg1+ 38. Ke2 Qe3+ 39. Kf1 Rg1# 0-1

[Event "Campeonato de Aragon por Equipos 2025 -"]
[Site "?"]
[Date "2025.02.08"]
[Round "3.17"]
[White "Adla, Diego"]
[Black "Lopez Caudevilla, David"]
[Result "1-0"]
[WhiteElo "2390"]
[BlackElo "2186"]
[PlyCount "47"]
[GameId "2147807430290530"]
[EventDate "2025.01.25"]
[WhiteTeam "MyInvestor Casablanca A"]
[BlackTeam "Actur Rey Fernando"]

1. e4 g6 2. d4 Bg7 3. Nc3 a6 4. g4 b5 5. Bg2 Bb7 6. h4 h5 7. gxh5 Rxh5 8. Bf3 Rh8 9. h5 gxh5 10. Rxh5 e5 11. Bg5 Qc8 12. Rxh8 Bxh8 13. Bh5 Kf8 14. Bxf7 Kxf7 15. Qh5+ Kg7 16. Nf3 Nc6 17. O-O-O Qe8 18. Bh6+ Nxh6 19. Rg1+ Kf8 20. Qxh6+ Ke7 21. Nd5+ Kd8 22. Qh7 Nxd4 23. Rg8 Bxd5 24. Qh4+ 1-0

[Event "Campeonato de Aragon por Equipos 2025 -"]
[Site "?"]
[Date "2025.02.08"]
[Round "3.18"]
[White "Abos Rosico, Antonio"]
[Black "Glavina, Pablo"]
[Result "0-1"]
[WhiteElo "2049"]
[BlackElo "2359"]
[PlyCount "92"]
[GameId "2147807430327395"]
[EventDate "2025.01.25"]
[WhiteTeam "Actur Rey Fernando"]
[BlackTeam "MyInvestor Casablanca A"]

1. d4 d5 2. c4 e6 3. Nf3 c5 4. cxd5 exd5 5. g3 Nc6 6. Bg2 Nf6 7. O-O Be7 8. b3 Ne4 9. Bb2 Bf6 10. Nc3 Nxd4 11. Nxd4 Bxd4 12. Nxe4 Bxb2 13. Rb1 Bf5 14. Rxb2 Bxe4 15. f3 Bf5 16. Rd2 d4 17. e3 Qb6 18. exd4 cxd4 19. Re1+ Be6 20. Kh1 O-O-O 21. Re4 d3 22. Rxd3 Rxd3 23. Qxd3 Rd8 24. Qc3+ Qc7 25. Qe1 Kb8 26. h4 Rd3 27. Kh2 Qd6 28. f4 a6 29. f5 Bxf5 30. Re8+ Bc8 31. b4 f5 32. Qf2 g6 33. a4 Qxb4 34. Qc2 Rc3 35. Qd2 Qc5 36. h5 Ka7 37. h6 Rc2 38. Qf4 Rxg2+ 39. Kxg2 Qc6+ 40. Kf2 Qxe8 41. Qd4+ Ka8 42. Qg7 Qd7 43. Qh8 b5 44. axb5 axb5 45. Ke3 Kb7 46. Kf4 Qd2+ 0-1

[Event "Campeonato de Aragon por Equipos 2025 -"]
[Site "?"]
[Date "2025.02.08"]
[Round "3.19"]
[White "Vela Frago, Alberto"]
[Black "Perez Puyal, Jose Joaquin"]
[Result "1-0"]
[WhiteElo "2256"]
[BlackElo "1901"]
[PlyCount "45"]
[GameId "2147807430368356"]
[EventDate "2025.01.25"]
[WhiteTeam "MyInvestor Casablanca A"]
[BlackTeam "Actur Rey Fernando"]

1. e4 d5 2. exd5 Qxd5 3. Nc3 Qd6 4. d4 Nf6 5. Nf3 c6 6. h3 Bf5 7. Ne5 e6 8. g4 Bg6 9. h4 Be4 10. Nxe4 Nxe4 11. Bg2 Qb4+ 12. c3 Nxc3 13. bxc3 Qxc3+ 14. Qd2 Bb4 15. Rb1 Na6 16. Qxc3 Bxc3+ 17. Ke2 O-O 18. Be3 Rad8 19. Rxb7 Bxd4 20. Nxc6 Bxe3 21. Nxd8 Bb6 22. Nc6 Nc5 23. Rb8 1-0

[Event "Campeonato de Aragon por Equipos 2025 -"]
[Site "?"]
[Date "2025.02.08"]
[Round "3.20"]
[White "Garcia Alvarez, Sergio"]
[Black "Miranda Herrera, Belen"]
[Result "1/2-1/2"]
[WhiteElo "1879"]
[BlackElo "2051"]
[PlyCount "117"]
[GameId "2147807430401125"]
[EventDate "2025.01.25"]
[WhiteTeam "Actur Rey Fernando"]
[BlackTeam "MyInvestor Casablanca A"]

1. e4 e5 2. Nf3 Nc6 3. Nc3 Nf6 4. d4 exd4 5. Nxd4 Bb4 6. Nxc6 bxc6 7. Bd3 O-O 8. O-O d5 9. exd5 Bg4 10. f3 Bh5 11. dxc6 Qd4+ 12. Kh1 Bxc3 13. bxc3 Qxc3 14. Bf4 Qxc6 15. Qe2 Nd5 16. Bg3 Rfe8 17. Bb5 Qe6 18. Qxe6 Rxe6 19. Bd7 Rb6 20. c4 Nf6 21. c5 Rb4 22. Bc6 Rab8 23. Rfd1 Ne8 24. Bxe8 Rxe8 25. Bxc7 f6 26. Rd8 Rc4 27. Rxe8+ Bxe8 28. Bd6 Rc2 29. h3 Bc6 30. a3 Rc3 31. Kh2 h5 32. Kg3 g5 33. a4 f5 34. Rb1 g4 35. hxg4 fxg4 36. Rb8+ Kh7 37. Rc8 Bxa4 38. Rc7+ Kg6 39. Rxa7 Bd1 40. Ra6 Kf5 41. Ra8 gxf3 42. Rf8+ Ke6 43. gxf3 h4+ 44. Kxh4 Rxf3 45. Re8+ Kd5 46. Re5+ Kc6 47. Re7 Rf1 48. Kg5 Ba4 49. Ra7 Bb5 50. Rc7+ Kd5 51. Rb7 Bc6 52. Rc7 Bb5 53. Re7 Kc6 54. Re3 Bc4 55. Ra3 Bb5 56. Ra5 Bc4 57. Bf4 Bb5 58. Kf5 Kxc5 59. Kg5 1/2-1/2

[Event "Campeonato de Aragon por Equipos 2025 -"]
[Site "?"]
[Date "2025.02.08"]
[Round "3.21"]
[White "Llorente Zaro, Alfonso"]
[Black "Romero Pallares, Daniel"]
[Result "1-0"]
[WhiteElo "2444"]
[BlackElo "2252"]
[PlyCount "71"]
[GameId "2147807430442086"]
[EventDate "2025.01.25"]
[WhiteTeam "Agrupacion"]
[BlackTeam "Palacio De Pioneros"]

1. g3 Nf6 2. Bg2 g6 3. e4 d6 4. Ne2 Bg7 5. O-O O-O 6. h3 Nc6 7. Nbc3 e5 8. f4 Nd4 9. Nxd4 exd4 10. Ne2 Qe7 11. d3 c5 12. g4 h6 13. b4 c4 14. Bb2 c3 15. Ba3 Bxg4 16. hxg4 Nxg4 17. Rf3 d5 18. Rg3 h5 19. Bc1 dxe4 20. dxe4 d3 21. Rxd3 Rad8 22. Qe1 Rxd3 23. cxd3 c2 24. d4 Rc8 25. e5 Bf8 26. Bd2 Qd7 27. Rc1 Qb5 28. Be4 a5 29. Rxc2 Rxc2 30. Bxc2 Qc6 31. Bd1 axb4 32. Nc1 Qd5 33. Nb3 Qc4 34. Qe4 Be7 35. f5 gxf5 36. Qxf5 1-0

[Event "Campeonato de Aragon por Equipos 2025 -"]
[Site "?"]
[Date "2025.02.08"]
[Round "3.22"]
[White "Palacios Herrero, Pablo"]
[Black "Remiro Juste, Fernando Jose"]
[Result "1-0"]
[WhiteElo "2203"]
[BlackElo "2208"]
[PlyCount "105"]
[GameId "2147807430478951"]
[EventDate "2025.01.25"]
[WhiteTeam "Palacio De Pioneros"]
[BlackTeam "Agrupacion"]

1. e4 c5 2. Nf3 d6 3. d4 cxd4 4. Nxd4 Nf6 5. Nc3 a6 6. Be3 e5 7. Nb3 Be6 8. Qd2 Nbd7 9. O-O-O Be7 10. f4 Ng4 11. g3 Rc8 12. Kb1 b5 13. Bg1 Qc7 14. Bd3 Ngf6 15. Ne2 O-O 16. f5 Bc4 17. g4 Nxg4 18. Be3 Bxd3 19. cxd3 Qc2+ 20. Qxc2 Rxc2 21. Kxc2 Nxe3+ 22. Kb1 Nxd1 23. Rxd1 Rc8 24. Nc3 Nb6 25. a3 Kf8 26. Na1 d5 27. exd5 Rd8 28. Nc2 Nxd5 29. Ne4 g6 30. Rf1 Kg7 31. Rf3 Nf6 32. Ng3 Bc5 33. fxg6 e4 34. Rxf6 exd3 35. Nh5+ Kh6 36. gxh7+ Kxh5 37. Rf5+ Kg6 38. Rxc5 dxc2+ 39. Kxc2 Rh8 40. Rc6+ Kg5 41. Rxa6 Rxh7 42. Ra5 Rxh2+ 43. Kc3 f5 44. Rxb5 Kf6 45. Kd4 Rd2+ 46. Ke3 Rc2 47. a4 Ke6 48. a5 Kd6 49. a6 f4+ 50. Kxf4 Rc4+ 51. Ke3 Ra4 52. Rh5 Kc7 53. Rh7+ 1-0

[Event "Campeonato de Aragon por Equipos 2025 -"]
[Site "?"]
[Date "2025.02.08"]
[Round "3.23"]
[White "Roque Sola, Gisela"]
[Black "Zambrana Petisme, Ramiro"]
[Result "1/2-1/2"]
[WhiteElo "2084"]
[BlackElo "2102"]
[PlyCount "51"]
[GameId "2147807430610024"]
[EventDate "2025.01.25"]
[WhiteTeam "Agrupacion"]
[BlackTeam "Palacio De Pioneros"]

1. c4 c5 2. Nc3 g6 3. Nf3 Bg7 4. g3 Nc6 5. a3 Nf6 6. Bg2 O-O 7. O-O d5 8. cxd5 Nxd5 9. Ne4 c4 10. d3 Nb6 11. dxc4 Qxd1 12. Rxd1 Nxc4 13. Ra2 Bf5 14. b3 Rad8 15. Rxd8 Rxd8 16. Nfd2 Nxd2 17. Rxd2 Rxd2 18. Nxd2 Nd4 19. Kf1 b6 20. b4 h5 21. e3 Bd3+ 22. Ke1 Ne2 23. Kd1 Nc3+ 24. Ke1 Ne2 25. Kd1 Nc3+ 26. Ke1 1/2-1/2

[Event "Campeonato de Aragon por Equipos 2025 -"]
[Site "?"]
[Date "2025.02.08"]
[Round "3.24"]
[White "Climente Martinez, Jose Luis"]
[Black "Barros Gutierrez, Angel Luis"]
[Result "0-1"]
[WhiteElo "2021"]
[BlackElo "1970"]
[PlyCount "62"]
[GameId "2147807430655081"]
[EventDate "2025.01.25"]
[WhiteTeam "Palacio De Pioneros"]
[BlackTeam "Agrupacion"]

1. d4 d5 2. Nf3 Nf6 3. c4 dxc4 4. Nc3 a6 5. a4 Nc6 6. Bg5 h6 7. Bh4 g5 8. Bg3 g4 9. d5 Nb4 10. Nd2 e6 11. e4 exd5 12. exd5 Bf5 13. Qe2+ Be7 14. Qe5 Bd3 15. Nde4 O-O 16. O-O-O Nxe4 17. Rxd3 Nxd3+ 18. Bxd3 Nxc3 19. Bxc4 b5 20. Bd3 Na2+ 21. Kb1 Nb4 22. Be4 Qd6 23. Qh5 Qf6 24. h4 Bd6 25. f4 Rae8 26. Qxg4+ Qg7 27. Qf3 Rxe4 28. Qxe4 Qxg3 29. Rh3 Qxf4 30. Qe2 Qf5+ 31. Kc1 Bf4+ 0-1

[Event "Campeonato de Aragon por Equipos 2025 -"]
[Site "?"]
[Date "2025.02.08"]
[Round "3.25"]
[White "Lopez Gracia, Fernando"]
[Black "Ramo Frontinan, Cristobal"]
[Result "1/2-1/2"]
[WhiteElo "2247"]
[BlackElo "2293"]
[PlyCount "28"]
[GameId "2147807430691946"]
[EventDate "2025.01.25"]
[WhiteTeam "Iberajedrez Mundo 64"]
[BlackTeam "Maristas"]

1. e4 e5 2. Nf3 Nc6 3. Bb5 a6 4. Ba4 Nf6 5. Qe2 b5 6. Bb3 Bc5 7. O-O d6 8. c3 Qe7 9. a4 Rb8 10. axb5 axb5 11. Na3 b4 12. Ba4 Bd7 13. Nb5 Bb6 14. d3 O-O 1/2-1/2

[Event "Campeonato de Aragon por Equipos 2025 -"]
[Site "?"]
[Date "2025.02.08"]
[Round "3.26"]
[White "Neila Castillo, Miguel Angel"]
[Black "Villalba Embid, Marcos"]
[Result "0-1"]
[WhiteElo "2119"]
[BlackElo "2192"]
[PlyCount "76"]
[GameId "2147807430745195"]
[EventDate "2025.01.25"]
[WhiteTeam "Maristas"]
[BlackTeam "Iberajedrez Mundo 64"]

1. e4 c5 2. Nf3 d6 3. Bc4 a6 4. a4 Nf6 5. e5 dxe5 6. Nxe5 e6 7. Qe2 Bd6 8. O-O Qc7 9. Re1 O-O 10. f4 Nc6 11. d3 b6 12. c3 Bb7 13. Nd2 Rad8 14. Ndf3 Ne7 15. Ng5 Ned5 16. Bd2 h6 17. Ngxf7 Rxf7 18. Nxf7 Qxf7 19. Qxe6 Qxe6 20. Rxe6 Kf8 21. Rf1 Nc7 22. Re2 Bc6 23. Bb3 Bd7 24. h3 Bf5 25. Rf3 Be7 26. Ree3 h5 27. Be1 Nfd5 28. Re5 g6 29. Bf2 Bf6 30. Re1 Ne6 31. Bc4 Ndc7 32. Ba2 b5 33. axb5 axb5 34. Bb1 b4 35. Rc1 Nd5 36. cxb4 cxb4 37. Bc5+ Nxc5 38. Rxc5 Bd4+ 0-1

[Event "Campeonato de Aragon por Equipos 2025 -"]
[Site "?"]
[Date "2025.02.08"]
[Round "3.27"]
[White "Palacios Latasa, Elias"]
[Black "Naya Sancho, Jose Ignacio"]
[Result "1/2-1/2"]
[WhiteElo "2142"]
[BlackElo "2076"]
[PlyCount "37"]
[GameId "2147807430806636"]
[EventDate "2025.01.25"]
[WhiteTeam "Iberajedrez Mundo 64"]
[BlackTeam "Maristas"]

1. e4 e5 2. Bc4 Nc6 3. f4 Bc5 4. Nf3 d6 5. Nc3 Bg4 6. Na4 Nd4 7. Nxc5 Bxf3 8. gxf3 Qh4+ 9. Kf1 dxc5 10. c3 Nc6 11. Kg2 O-O-O 12. Rg1 Nge7 13. d3 exf4 14. Bxf7 Rd6 15. Qe1 Qxe1 16. Rxe1 Ne5 17. Bxf4 Nxf7 18. Bxd6 Nxd6 19. f4 1/2-1/2

[Event "Campeonato de Aragon por Equipos 2025 -"]
[Site "?"]
[Date "2025.02.08"]
[Round "3.28"]
[White "Campo Millan, Diego"]
[Black "Garcia Acin, Pablo"]
[Result "1/2-1/2"]
[WhiteElo "2060"]
[BlackElo "2069"]
[PlyCount "82"]
[GameId "2147807430859885"]
[EventDate "2025.01.25"]
[WhiteTeam "Maristas"]
[BlackTeam "Iberajedrez Mundo 64"]

1. Nf3 c5 2. g3 Nc6 3. Bg2 g6 4. O-O Bg7 5. d3 d5 6. c3 Nf6 7. a3 a5 8. a4 O-O 9. Na3 e5 10. Nd2 Be6 11. e4 Nh5 12. Nb5 Rc8 13. exd5 Bxd5 14. Ne4 Ne7 15. Re1 Qd7 16. Ned6 Rc6 17. Nc4 Bxg2 18. Kxg2 Re6 19. Nxa5 Rd8 20. Qf3 b6 21. Nc4 f5 22. Bg5 h6 23. Bxe7 Qxe7 24. Rad1 Rf8 25. Kg1 f4 26. g4 Nf6 27. Nd2 Nh7 28. Ne4 Ng5 29. Nxg5 Qxg5 30. Kh1 Kh7 31. Re4 Qh4 32. d4 h5 33. Rg1 g5 34. d5 Rh6 35. h3 hxg4 36. Rxg4 Qxh3+ 37. Qxh3 Rxh3+ 38. Kg2 Rd3 39. d6 Kg6 40. f3 Rh8 41. Re2 Rd1 1/2-1/2

[Event "Campeonato de Aragon por Equipos 2025 -"]
[Site "?"]
[Date "2025.02.08"]
[Round "3.29"]
[White "Villuendas Valero, Adrian"]
[Black "Ciriano Lamban, Alejandro"]
[Result "1-0"]
[WhiteElo "2240"]
[BlackElo "2014"]
[PlyCount "93"]
[GameId "2147807430900846"]
[EventDate "2025.01.25"]
[WhiteTeam "Aulazenter"]
[BlackTeam "Marcos Frechin B"]

1. d4 Nf6 2. Bg5 d5 3. e3 c5 4. Bxf6 gxf6 5. Nc3 Nc6 6. Bb5 e6 7. Qh5 cxd4 8. exd4 Bb4 9. Nge2 Bd7 10. O-O Qc7 11. Bd3 a6 12. Nd1 Bd6 13. Ne3 f5 14. Bxf5 O-O-O 15. Bd3 f5 16. f4 Rdg8 17. c3 Qb6 18. Qf3 h5 19. b4 h4 20. a4 Be8 21. b5 Bh5 22. Qf2 axb5 23. axb5 Ne7 24. c4 Bxe2 25. c5 Bxf1 26. Qxf1 Qc7 27. b6 Qb8 28. cxd6 Nc6 29. Bb5 Kd7 30. Bxc6+ Kxc6 31. Qc1+ Kxd6 32. Qc5+ Kd7 33. Qb5+ Ke7 34. Re1 Kf6 35. Qd7 Re8 36. Re2 Qxf4 37. Nxd5+ exd5 38. Rxe8 Qxd4+ 39. Kf1 Qd1+ 40. Re1 Qd3+ 41. Kg1 Qd4+ 42. Kh1 Qb4 43. Re6+ Kg5 44. Qg7+ Kf4 45. h3 Rh5 46. Qe5+ Kg5 47. Qe3+ 1-0

[Event "Campeonato de Aragon por Equipos 2025 -"]
[Site "?"]
[Date "2025.02.08"]
[Round "3.30"]
[White "Sanz Pueyo, Adrian"]
[Black "Asensio Asensio, Nicolas"]
[Result "0-1"]
[WhiteElo "2009"]
[BlackElo "2178"]
[PlyCount "54"]
[GameId "2147807430941807"]
[EventDate "2025.01.25"]
[WhiteTeam "Marcos Frechin B"]
[BlackTeam "Aulazenter"]

1. e4 c6 2. d4 d5 3. e5 Bf5 4. h4 h5 5. Bg5 Qb6 6. Bd3 Qxd4 7. Nf3 Qg4 8. Bxf5 Qxf5 9. c4 Qe4+ 10. Be3 e6 11. Nbd2 Bb4 12. cxd5 Qxd5 13. O-O Ne7 14. Qa4 Qb5 15. Qc2 Bxd2 16. Nxd2 Nf5 17. Bf4 Nd7 18. Nc4 O-O 19. a4 Qb4 20. Rfd1 Nb6 21. Nxb6 axb6 22. g3 Nxh4 23. Rd3 Qe4 24. gxh4 Qxf4 25. Rg3 Rfd8 26. Qb3 b5 27. a5 Qxe5 0-1

[Event "Campeonato de Aragon por Equipos 2025 -"]
[Site "?"]
[Date "2025.02.08"]
[Round "3.31"]
[White "Miranda Herrera, Jorge Manuel"]
[Black "Prats Fares, Nahuel"]
[Result "1-0"]
[WhiteElo "2101"]
[BlackElo "1926"]
[PlyCount "93"]
[GameId "2147807430982768"]
[EventDate "2025.01.25"]
[WhiteTeam "Aulazenter"]
[BlackTeam "Marcos Frechin B"]

1. d4 d5 2. c4 e6 3. Nf3 c6 4. g3 Nd7 5. Bg2 Ngf6 6. O-O dxc4 7. Qc2 Be7 8. Qxc4 O-O 9. Nc3 Nb6 10. Qb3 Nbd5 11. Ne5 Qb6 12. Qd1 Rd8 13. e4 Nxc3 14. bxc3 c5 15. Be3 Qa5 16. Qb3 Qc7 17. Rfd1 b6 18. Bf4 Nh5 19. Be3 Bb7 20. f3 c4 21. Qa4 Rdc8 22. Bf1 a6 23. Qxc4 b5 24. Qxc7 Rxc7 25. Bd2 f6 26. Nd3 f5 27. Nf2 Nf6 28. Re1 Ba3 29. Rab1 Rac8 30. Bd3 g6 31. Rb3 Bf8 32. Nd1 fxe4 33. fxe4 e5 34. Bg5 Nd7 35. Be3 Bg7 36. a4 bxa4 37. Ra3 exd4 38. cxd4 Nb6 39. d5 Nc4 40. Rxa4 Nxe3 41. Nxe3 Bc3 42. Rb1 a5 43. d6 Rd7 44. Bc4+ Kh8 45. Be6 Rxd6 46. Bxc8 Bxc8 47. Rc4 1-0

[Event "Campeonato de Aragon por Equipos 2025 -"]
[Site "?"]
[Date "2025.02.08"]
[Round "3.32"]
[White "Jario Dominguez, Diego"]
[Black "Ania Puertolas, Javier"]
[Result "1/2-1/2"]
[WhiteElo "1907"]
[BlackElo "1764"]
[PlyCount "44"]
[GameId "2147807431105649"]
[EventDate "2025.01.25"]
[WhiteTeam "Marcos Frechin B"]
[BlackTeam "Aulazenter"]

1. e4 c5 2. Nc3 g6 3. d4 cxd4 4. Qxd4 Nf6 5. b3 Bg7 6. Bb2 Nc6 7. Qd2 Nxe4 8. Nxe4 Bxb2 9. Rd1 Bg7 10. h4 Qa5 11. Qxa5 Nxa5 12. h5 O-O 13. Nf3 d6 14. hxg6 hxg6 15. Neg5 Bc3+ 16. Ke2 Bg4 17. Rh4 Bxf3+ 18. Kxf3 Bf6 19. Rg4 Nc6 20. Ke3 Rac8 21. Ne4 Bg7 22. Kd2 d5 1/2-1/2

[Event "Campeonato de Aragon por Equipos 2025 -"]
[Site "?"]
[Date "2025.02.08"]
[Round "3.34"]
[White "Baldellou Vicente, Roberto"]
[Black "Hidalgo Gracia, Andres"]
[Result "0-1"]
[WhiteElo "1933"]
[BlackElo "2036"]
[PlyCount "64"]
[GameId "2147807431179379"]
[EventDate "2025.01.25"]
[WhiteTeam "San Jose"]
[BlackTeam "Monzon"]

1. d4 d5 2. c4 c6 3. Nf3 Nf6 4. g3 Bf5 5. Bg2 e6 6. Nbd2 h6 7. O-O Nbd7 8. b3 Be7 9. Bb2 O-O 10. h3 a5 11. Kh2 a4 12. Ne5 Bb4 13. Nxd7 Qxd7 14. a3 Bxd2 15. Qxd2 axb3 16. Rfc1 Bc2 17. Rxc2 bxc2 18. Qxc2 b5 19. cxb5 cxb5 20. Bc3 Rfc8 21. Qd3 Rc4 22. e3 Qc6 23. Be1 b4 24. Bf1 bxa3 25. Rxa3 Rxa3 26. Qxa3 Rc1 27. Bb5 Qc8 28. Qb4 Qc2 29. Qd2 Qb1 30. Bd3 Qa1 31. Qb4 Ne4 32. Qb8+ Kh7 0-1

[Event "Campeonato de Aragon por Equipos 2025 -"]
[Site "?"]
[Date "2025.02.08"]
[Round "3.35"]
[White "Barranco Mananet, Fernando"]
[Black "Repolles Bel, Antonio"]
[Result "1-0"]
[WhiteElo "1949"]
[BlackElo "1845"]
[PlyCount "105"]
[GameId "2147807431220340"]
[EventDate "2025.01.25"]
[WhiteTeam "Monzon"]
[BlackTeam "San Jose"]

1. e4 c5 2. Nc3 g6 3. Bc4 Bg7 4. Qf3 e6 5. Nb5 d6 6. Qg3 e5 7. Qd3 Bf8 8. b3 a6 9. Nc3 Nf6 10. Bb2 Nc6 11. a3 Be6 12. Bxe6 fxe6 13. Qh3 Qe7 14. Nge2 Nd4 15. Qd3 Bh6 16. Nxd4 exd4 17. Ne2 O-O 18. O-O d5 19. e5 Nd7 20. f4 Qh4 21. Qg3 Qh5 22. Rf3 Qf5 23. d3 Qf7 24. Raf1 Bg7 25. Qh4 Rae8 26. Rh3 Bxe5 27. Rff3 Bf6 28. Qh6 Qg7 29. Qxg7+ Kxg7 30. g4 g5 31. Bc1 h6 32. Rh5 Bd8 33. Rfh3 Rh8 34. fxg5 hxg5 35. Bxg5 Rxh5 36. Rxh5 Nf6 37. Bxf6+ Kxf6 38. h4 Rg8 39. g5+ Kf5 40. Rh7 b5 41. b4 Bf6 42. Rf7 Kg4 43. Rxf6 Kxh4 44. g6 cxb4 45. axb4 e5 46. Kf2 Kg5 47. Rxa6 Kh6 48. c3 Rf8+ 49. Kg2 e4 50. Nxd4 exd3 51. g7+ Kxg7 52. Ne6+ Kf7 53. Nxf8 1-0

[Event "Campeonato de Aragon por Equipos 2025 -"]
[Site "?"]
[Date "2025.02.08"]
[Round "3.36"]
[White "Tarela Perez, Jose Gerardo"]
[Black "Rodriguez Aranda, Kevin"]
[Result "0-1"]
[WhiteElo "1822"]
[BlackElo "1883"]
[PlyCount "70"]
[GameId "2147807431249013"]
[EventDate "2025.01.25"]
[WhiteTeam "San Jose"]
[BlackTeam "Monzon"]

1. d4 d5 2. Nf3 Nf6 3. g3 e6 4. Bg2 Be7 5. O-O O-O 6. c4 c6 7. Nc3 Nbd7 8. cxd5 cxd5 9. Bg5 h6 10. Bxf6 Nxf6 11. Qb3 b6 12. Ne5 Bb7 13. Rac1 Nd7 14. f4 Nxe5 15. fxe5 Bg5 16. Rcd1 Be3+ 17. Kh1 h5 18. Rd3 Bh6 19. Rdf3 Rc8 20. R1f2 Rc4 21. e3 h4 22. Qd1 Qg5 23. gxh4 Qxh4 24. Rg3 Bxe3 25. Rff3 Rxd4 26. Qe2 Bf4 27. Rh3 Qg4 28. Rh8+ Kxh8 29. Rh3+ Bh6 30. Qf2 Rf4 31. Qe1 d4 32. Rg3 Bxg2+ 33. Kxg2 Qh4 34. Ne2 Rg4 35. Qb4 Rc8 0-1

[Event "Campeonato de Aragon por Equipos 2025 -"]
[Site "?"]
[Date "2025.02.08"]
[Round "3.37"]
[White "Vallverdu Miret, Oscar"]
[Black "Luis Vitalla, Fernando"]
[Result "1/2-1/2"]
[WhiteElo "2028"]
[BlackElo "2066"]
[PlyCount "51"]
[GameId "2147807431294070"]
[EventDate "2025.01.25"]
[WhiteTeam "Fraga"]
[BlackTeam "Atletismo Huesca"]

1. d4 Nf6 2. Bg5 d5 3. Nd2 Bf5 4. e3 e6 5. Ngf3 Nbd7 6. Be2 h6 7. Bh4 Bd6 8. c4 c6 9. Qb3 Rb8 10. O-O O-O 11. Rfd1 Qe7 12. Rac1 a6 13. a3 b5 14. cxd5 cxd5 15. Rc6 Nb6 16. Rxd6 Qxd6 17. Bg3 Qc6 18. Bxb8 Rxb8 19. Ne5 Qc7 20. Bd3 Bxd3 21. Nxd3 Nfd7 22. Rc1 Nc4 23. Qc3 Qd6 24. b4 Rc8 25. Nb3 Ndb6 26. Ndc5 1/2-1/2

[Event "Campeonato de Aragon por Equipos 2025 -"]
[Site "?"]
[Date "2025.02.08"]
[Round "3.38"]
[White "Gella Bitrian, Diego"]
[Black "Aribau Rivas, Miguel Angel"]
[Result "0-1"]
[WhiteElo "1990"]
[BlackElo "1987"]
[PlyCount "100"]
[GameId "2147807431335031"]
[EventDate "2025.01.25"]
[WhiteTeam "Atletismo Huesca"]
[BlackTeam "Fraga"]

1. e4 c5 2. Nf3 g6 3. d4 cxd4 4. Qxd4 Nf6 5. e5 Nc6 6. Qa4 Nd5 7. c4 Nb6 8. Qc2 Bg7 9. Bf4 O-O 10. Nc3 d6 11. Rd1 Bf5 12. Qb3 Nd7 13. exd6 Nc5 14. Qa3 exd6 15. Rxd6 Qe7+ 16. Kd1 Bxc3 17. Qxc5 Bb4 18. Qd5 Be4 19. Rd7 Bxd5 20. Rxe7 Nxe7 21. cxd5 Nxd5 22. Bg3 Rfd8 23. Kc2 Bd6 24. Bh4 Be7 25. Bxe7 Nxe7 26. Bb5 Nf5 27. Re1 Kg7 28. Kb3 Nd6 29. Bf1 h6 30. Nd2 Rac8 31. f3 Nf5 32. Ne4 Nd4+ 33. Ka4 Rc2 34. Rb1 f5 35. Nc3 a6 36. Ka5 Rd6 37. a4 Kf6 38. Kb4 g5 39. h3 h5 40. Kc5 Rd7 41. Kb6 Nb3 42. g4 Nd2 43. Rd1 Rxb2+ 44. Ka7 Rc2 45. Ne2 hxg4 46. hxg4 b5+ 47. Kxa6 bxa4 48. Ng3 a3 49. Nxf5 a2 50. Ra1 Nb3 0-1